000
00286nam a2200133Ia 4500
100
_a
Gibson/Jerry D
250
_a
2
942
_c
RB
654
_a
mobile
245
_a
Mobile Communications Handbook
260
_b
CRC press(Ieee)
_c
1999
082
_a
621.3845
_b
GIB
546
_a
ENGLISH
999
_c
25987
_d
25987